|
|
|
|
| LEADER |
01214nam a22003494a 4500 |
| 001 |
28502 |
| 003 |
BD-DhAAL |
| 005 |
20150119145639.0 |
| 008 |
141208s2012 ii b 001 0 eng d |
| 010 |
|
|
|a 2006385324
|
| 020 |
|
|
|a 8884533953
|
| 020 |
|
|
|a 9380601654 (Pbk)
|
| 020 |
|
|
|a 9789380601656 (Pbk)
|
| 035 |
|
|
|a (ItFiC)it 06009514
|
| 040 |
|
|
|a ItFiC
|c ItFiC
|d DLC
|d BD-DhAAL
|
| 042 |
|
|
|a lccopycat
|
| 043 |
|
|
|a a-ii---
|
| 050 |
0 |
0 |
|a BL1107.5
|b .O45 2005
|
| 082 |
|
|
|2 23
|a 294
|
| 100 |
1 |
|
|a Olivelle, Patrick.
|9 5855
|
| 245 |
1 |
0 |
|a Language, texts, and society :
|b explorations in ancient Indian culture and religion /
|c Patrick Olivelle.
|
| 260 |
|
|
|a New Delhi :
|b Anthem Press India.
|c c2012.
|
| 300 |
|
|
|a 419 p. ;
|c 24 cm.
|
| 440 |
|
0 |
|a Kykéion studi e testi.
|n I,
|p Scienze delle religioni ;
|v 4
|9 6718
|
| 504 |
|
|
|a Includes bibliographical references (p. [395]-411) and index.
|
| 541 |
|
|
|e 28502
|
| 650 |
|
0 |
|a Hinduism.
|9 5856
|
| 650 |
|
0 |
|a Sanskrit language.
|9 6719
|
| 651 |
|
0 |
|a India
|x Civilization.
|9 6720
|
| 942 |
|
|
|2 ddc
|c BK
|
| 999 |
|
|
|c 33270
|d 33270
|
| 952 |
|
|
|0 0
|1 0
|2 ddc
|4 0
|6 294_000000000000000_OLI
|7 0
|9 44428
|a BRACUL
|b BRACUL
|c GEN
|d 2014-12-08
|l 0
|o 294 OLI
|p 3010028502
|r 2014-12-08
|t 1
|w 2014-12-08
|y BK
|